000 01636nam0a2200409 4500
001 RU\NLR\bibl\331279
005 20260406143256.0
010 _a5-7373-0245-8
_bВ пер.
_94000
021 _aRU
_b2002-38042
_91860
035 _a(NLR Aleph) 000326246
090 _a128534
_c128534
100 _a20021025d2002 |||y0rusy50 ca
101 0 _arus
102 _aRU
105 _aac |||||||||
200 1 _aТайна пятой печати
_eСудьба царя-судьба России
_e[Об имп. Николае II и его семье]
_fВ. В. Кузнецов
210 _aСПб.
_cДержава
_cСатисъ
_d2002
215 _a608,[1] с., [24] л. ил.
_d24
225 1 _aПравославные самодержцы России
320 _aБиблиогр.: с. 602-606
606 0 _a"Царственные мученики"
_92080403
_3RU\NLR\auth\661256331
610 0 _aМонархия в России
610 0 _aРоссия - История
610 0 _aРоссия (до 1917 г.), история
675 _a94(47+57)<19>
_v3
_zrus
686 _a03.19
_2rugasnti
686 _a63.3(2)6
_2rubbk
686 _aТ3(2)52,022.1
700 1 _4070
_8rus
_7ca
_aКузнецов
_bВ. В.
_cписатель
_f1928-2014
_gВиктор Васильевич
_3RU\NLR\AUTH\7779844
_962772
702 0 _4570
_8rus
_7ca
_aНиколай
_cимператор российский
_dII
_f1868-1918
_3RU\NLR\AUTH\773750
_9113742
801 0 _aRU
_bRKP
_c20021025
_gPSBO
801 1 _aRU
_bRKP
_c20021025
801 2 _aRU
_bNLR
_c20090923
_grcr
942 _cBOOK
980 _aNB